Yoga and psycho-analysis; (Record no. 87773)
[ view plain ]
| 000 -LEADER | |
|---|---|
| fixed length control field | 00729nam a2200241 4500 |
| 001 - CONTROL NUMBER | |
| control field | sa 68017526 |
| 003 - CONTROL NUMBER IDENTIFIER | |
| control field | DLC |
| 005 - DATE AND TIME OF LATEST TRANSACTION | |
| control field | 20260227112703.0 |
| 008 - FIXED-LENGTH DATA ELEMENTS--GENERAL INFORMATION | |
| fixed length control field | 710518s1966 ii b 00000 eng |
| 010 ## - LIBRARY OF CONGRESS CONTROL NUMBER | |
| LC control number | sa 68017526 |
| 025 ## - OVERSEAS ACQUISITION NUMBER | |
| Overseas acquisition number | PL480:I-E-9555 |
| 050 0# - LIBRARY OF CONGRESS CALL NUMBER | |
| Classification number | B132.Y6 |
| Item number | P17 |
| 100 10 - MAIN ENTRY--PERSONAL NAME | |
| Personal name | Pal, Kumar. |
| 245 10 - TITLE STATEMENT | |
| Title | Yoga and psycho-analysis; |
| Remainder of title | a comparative study of Indian systems of yoga & western schools of psychotherapy. |
| 250 ## - EDITION STATEMENT | |
| Edition statement | [1st ed. |
| 260 0# - PUBLICATION, DISTRIBUTION, ETC. | |
| Place of publication, distribution, etc. | New Delhi, |
| Name of publisher, distributor, etc. | Dr. Bhagavan Das Memorial Trust, |
| Date of publication, distribution, etc. | 1966] |
| 300 ## - PHYSICAL DESCRIPTION | |
| Extent | xii, 180, 12 p. |
| Dimensions | 19 cm. |
| 350 ## - PRICE (NR) (BK AM CF MU VM SE) [OBSOLETE] | |
| Price | 10.00 |
| 440 #0 - SERIES STATEMENT/ADDED ENTRY--TITLE | |
| Title | Academy of learning series, |
| Volume/sequential designation | 1 |
| 504 ## - BIBLIOGRAPHY, ETC. NOTE | |
| Bibliography, etc. note | Includes bibliographical references. |
| 650 #0 - SUBJECT ADDED ENTRY--TOPICAL TERM | |
| Topical term or geographic name entry element | Yoga. |
| 650 #0 - SUBJECT ADDED ENTRY--TOPICAL TERM | |
| Topical term or geographic name entry element | Psychoanalysis. |
No items available.